Negative affective states and cognitive impairments in nicotine dependence/ (Record no. 168795)

MARC details
000 -LEADER
fixed length control field 00933nam a2200289 a 4500
008 - FIXED-LENGTH DATA ELEMENTS--GENERAL INFORMATION
fixed length control field
020 ## - INTERNATIONAL STANDARD BOOK NUMBER
International Standard Book Number 9780128025741 (hardback)
040 ## - CATALOGING SOURCE
Original cataloging agency NUST
Transcribing agency NUST
049 ## - LOCAL HOLDINGS (OCLC)
Holding library MAIN
090 ## - LOCALLY ASSIGNED LC-TYPE CALL NUMBER (OCLC); LOCAL CALL NUMBER (RLIN)
Classification number (OCLC) (R) ; Classification number, CALL (RLIN) (NR) RC564
Local cutter number (OCLC) ; Book number/undivided call number, CALL (RLIN) NEG
003 - CONTROL NUMBER IDENTIFIER
control field
005 - DATE AND TIME OF LATEST TRANSACTION
control field 20230123141150.0
245 10 - TITLE STATEMENT
Title Negative affective states and cognitive impairments in nicotine dependence/
Statement of responsibility, etc. edited by F.Scott Hall, Jared W. Young [and] Andre Der-Avakian.
260 ## - PUBLICATION, DISTRIBUTION, ETC.
Place of publication, distribution, etc. Amsterdam :
Name of publisher, distributor, etc. Elsevier,
Date of publication, distribution, etc. 2017
300 ## - PHYSICAL DESCRIPTION
Extent xix, 341 pages :
Other physical details illustrations ;
Dimensions 23 cm
336 ## - CONTENT TYPE
Content type term unmediated
Content type code 2rdamedia
336 ## - CONTENT TYPE
Content type term text
Content type code txt
Source rdacontent
338 ## - CARRIER TYPE
Carrier type term volume
Source rdacarrier
504 ## - BIBLIOGRAPHY, ETC. NOTE
Bibliography, etc. note Incldes bibliographic references.
500 ## - GENERAL NOTE
General note Includes index
650 #1 - SUBJECT ADDED ENTRY--TOPICAL TERM
Topical term or geographic name entry element Nicotine addiction
700 ## - ADDED ENTRY--PERSONAL NAME
Personal name Andre Der-Avakian.
700 ## - ADDED ENTRY--PERSONAL NAME
Personal name Jared W. Young
700 ## - ADDED ENTRY--PERSONAL NAME
Personal name Scott Hall
907 ## - LOCAL DATA ELEMENT G, LDG (RLIN)
a .b1040059x
b 28-07-21
c 08-04-21
942 ## - ADDED ENTRY ELEMENTS (KOHA)
Koha item type Ordinary Loan Books
Call number prefix RC564
Call number suffix NEG
Holdings
Date last seen Total Checkouts Full call number Barcode Cost, replacement price Price effective from Koha item type Lost status Source of classification or shelving scheme Damaged status Not for loan Collection Withdrawn status Home library Current library Shelving location Date acquired Source of acquisition Cost, normal purchase price Accession number
01/23/2023   RC564 NEG 92004046863 80.00 01/23/2023 BOOKS   LCC     NFIC   MAIN MAIN GEN 01/23/2023 Book Aid International 80.00  
03/12/2024   RC564 NEG 92004046856   03/12/2024 BOOKS   LCC     NFIC   MEDICAL MEDICAL GEN 01/16/2020 Book Aid International 80.00 55213